| 000 | 00397nam a2200145Ia 4500 | ||
|---|---|---|---|
| 008 | 100415s9999 xx 000 0 und d | ||
| 082 |
_b10723 _a580(547) |
||
| 100 | _aBlatter E | ||
| 245 | _aThe Flora of the Indus Delta | ||
| 260 |
_aMADAS _c1929 _bINDIAN BOTANICAL SOCIETY |
||
| 365 | _b0 | ||
| 630 | _aThe Flora of the Indus Delta | ||
| 730 | _aThe Flora of the Indus Delta | ||
| 942 | _cBOOK | ||
| 999 |
_c593649 _d593646 |
||